Derecho societario (Registro nro. 1407)
[ vista simple ]
| 000 -LEADER | |
|---|---|
| fixed length control field | 01701 a2200241 4500 |
| 001 - CONTROL NUMBER | |
| control field | 25593 |
| 005 - DATE AND TIME OF LATEST TRANSACTION | |
| control field | 20260407155540.0 |
| 008 - FIXED-LENGTH DATA ELEMENTS--GENERAL INFORMATION | |
| fixed length control field | 260407a2007 arg spa d |
| 003 - CONTROL NUMBER IDENTIFIER | |
| control field | AR-UNSa-BCEJYS |
| 040 ## - CATALOGING SOURCE | |
| Original cataloging agency | AR-UNSa-BCEJYS |
| Language of cataloging | spa |
| Transcribing agency | AR-UNSa-BCEJYS |
| 080 ## - UNIVERSAL DECIMAL CLASSIFICATION NUMBER | |
| Universal Decimal Classification number | 347.72 |
| Common auxiliary subdivision | Sociedades comerciales |
| 020 ## - INTERNATIONAL STANDARD BOOK NUMBER | |
| International Standard Book Number | 978-950-508-759-4 |
| 100 1# - MAIN ENTRY--PERSONAL NAME | |
| Personal name | Richard, Efraín Hugo |
| 245 10 - TITLE STATEMENT | |
| Title | Derecho societario |
| Name of part/section of a work | sociedades comerciales, civil y cooperativa |
| 250 ## - EDITION STATEMENT | |
| Edition statement | 2a. ed. act. y ampl. |
| 264 #1 - PRODUCTION, PUBLICATION, DISTRIBUTION, MANUFACTURE, AND COPYRIGHT NOTICE | |
| Place of production, publication, distribution, manufacture | Buenos Aires : |
| Name of producer, publisher, distributor, manufacturer | Astrea |
| Date of production, publication, distribution, manufacture, or copyright notice | 2007 |
| 300 ## - PHYSICAL DESCRIPTION | |
| Extent | 2v. (736; 435 p.) |
| Dimensions | 23 cm. |
| 505 ## - FORMATTED CONTENTS NOTE | |
| Formatted contents note | Parte I : Constitución, gestión y disolución : 1. Nociones previas - 2. El acto o negocio constitutivo societario - 3. Los socios y los terceros - 4. Gestión social - 5. Disolución del vínculo y de la relación social - Parte II : Tipología : 6. Sociedades de personas - 7. Sociedad de responsabilidad limitada - 8. Sociedad anónima - Tomo II: 9. Sociedad en comandita por acciones - 10. Sociedades con participación estatal - 11. Sociedades con objeto específico - 12. Sociedades cooperativas - Parte III : Organización societaria.diversas formas societarias y contractuales : 13. Concentración económica - 14. Contratos de colaboración - 15. Reorganización societaria - 16. Sociedades constituidas en el extranjero - Parte IV : Ineficiencia e irregularidad : 17. Régimen de nulidad.la ineficiencia societaria - 18. Sociedad no constituida regularmente - 19. Sociedad de formación. |
| 590 ## - LOCAL NOTE (RLIN) | |
| Local note | niveau_biblio:m niveau_hierar:0 |
| 700 1# - ADDED ENTRY--PERSONAL NAME | |
| Personal name | Muiño, Orlando Manuel |
| 856 41 - ELECTRONIC LOCATION AND ACCESS | |
| Uniform Resource Identifier | <a href="https://biblioeco.unsa.edu.ar/pmb/images/libros/Dercho Societario (2007).jpg">https://biblioeco.unsa.edu.ar/pmb/images/libros/Dercho Societario (2007).jpg</a> |
| Link text | Imagen de portada |
| Electronic format type | image/jpeg |
| 942 ## - ADDED ENTRY ELEMENTS (KOHA) | |
| Koha item type | |
| Withdrawn status | Lost status | Damaged status | Not for loan | Home library | Current library | Shelving location | Date acquired | Total checkouts | Full call number | Barcode | Date last seen | Price effective from | Koha item type | Public note |
|---|---|---|---|---|---|---|---|---|---|---|---|---|---|---|
| Biblioteca Prof. Eusebio Cleto del Rey | Biblioteca Prof. Eusebio Cleto del Rey | 07/04/2026 | 347.72 R498d v.2 2ed. | L119853 | 07/04/2026 | 07/04/2026 | Libro | |||||||
| Biblioteca Prof. Eusebio Cleto del Rey | Biblioteca Prof. Eusebio Cleto del Rey | 07/04/2026 | 347.72 R498d v.2 2ed. | L119854 | 07/04/2026 | 07/04/2026 | Libro | CANTO CON MANCHA ROJA | ||||||
| Biblioteca Prof. Eusebio Cleto del Rey | Biblioteca Prof. Eusebio Cleto del Rey | 07/04/2026 | 347.72 R498d v.2 2ed. | L119855 | 07/04/2026 | 07/04/2026 | Libro | |||||||
| Biblioteca Prof. Eusebio Cleto del Rey | Biblioteca Prof. Eusebio Cleto del Rey | 07/04/2026 | 347.72 R498d v.1 2ed. | L119850 | 07/04/2026 | 07/04/2026 | Libro | |||||||
| Biblioteca Prof. Eusebio Cleto del Rey | Biblioteca Prof. Eusebio Cleto del Rey | 07/04/2026 | 347.72 R498d v.1 2ed. | L119852 | 07/04/2026 | 07/04/2026 | Libro | PARTIDO PÁG.450 - SUBRAYADO C/ LÁPIZ MUY LEVE | ||||||
| Biblioteca Prof. Eusebio Cleto del Rey | Biblioteca Prof. Eusebio Cleto del Rey | 07/04/2026 | 347.72 R498d v.1 2ed. | L119851 | 07/04/2026 | 07/04/2026 | Libro |